Noël au cinéma. - Statistiques

Statistiques générales
  • Ce quiz a été pris 2 398 fois
  • Le résultat moyen est 7 sur 10
Statistiques - réponses
Indice Film % Correct
L'histoire d'une créature verte qui déteste noël et qui décide de voler noël. Le Grinch
95%
Un enfant est oublié chez lui par sa famille et essaie de repousser des cambrioleurs. Maman j'ai raté l'avion
94%
Film dans lequel Pierre et Thérèse s'apprêtent à assurer la permanence de SOS-détresse-amitié. Le Père-Noël est une ordure.
82%
4ème volet d'un film français dans lequel une famille originaire de "Bouzolles" achète une usine de jouet. Les Tuche 4
80%
Film dans lequel le squelette Jack, décide de kidnapper le père-noël afin de le remplacer. L'étrange noël de Monsieur Jack
76%
Classique des années 80 dans lequel des petites créatures se transforment et ravagent la ville fictive de Kingston Falls. Les Gremlins
64%
Un petit garçon qui doute de l'existence du Père Noël, monte dans un train et part en direction du pôle Noël. Le pole express
59%
Comédie romantique "chorale" avec Hugh Grant se déroulant à Londres, ou l'on voit des couples qui se font et se défont pendant la période de noël. Love actually
51%
Film d'Alain Chabat dans lequel le Père-Noël est à la recherche de médicaments pour soigner ses lutins. Santa et Cie
34%
Film avec Schwarzenegger dans lequel un homme passe sa journée du 24 décembre à chercher le dernier jouet à la mode, le robot "turboman" pour son fils. La course au jouet.
21%
Aucun quiz correspondant
Distribution des résultats
% des personnes avec chaque résultat
Percentile par nombre de réponses
Votre historique - résultats
Vous n’avez pas pris ce quiz